000 01031nam a2200277Ia 4500
001 Para_993
003 CHAP
008 220125s1994 xx 000 0 und d
010 _a199748
040 _cCHAP
090 _aPA TESIS 959
100 _aAmbrocio Cocom, Prudencio
_95199
245 _aEstablecimiento de parcelas de validacio y demostracion dentro del proceso de transferencia de tecnologia para el manejo integrado de la mosquita blanca Bemisia tabasi Genn. (Homoptera, Aleyrodidae) en estdo de Yucatán /
_c por Prudencio Abrocio Cocom
260 _aChapingo, Méx. :
_b el autor
300 _a77 h.
502 _aTesis (Ing. Agr. Esp. en Parasitología Agrícola) -- UACh. Departamentop Parasitología Agrícola
650 _aBemisia tabaci
_911496
710 _aUACh. Departamento Parasitología Agrícola
_9164025
901 _aPA TESIS 959
902 _aA
905 _a0000001994 0000000000 00
910 _a1994
942 _cPARA
942 _cPARA
_d1
999 _c199748
_d199748